| 000 | 00870nam a22002057a 4500 | ||
|---|---|---|---|
| 999 |
_c27629 _d27629 |
||
| 003 | BDDh-ASL | ||
| 005 | 20231016062616.0 | ||
| 008 | 200917s1975 b ||||| |||| 00| 0 b d | ||
| 040 |
_aBDDh-ASL _cBDDh-ASL _dBDDh-ASL |
||
| 041 | _abengali | ||
| 082 |
_a921.48 _bRAM |
||
| 100 |
_9835 _aরহমান, মুহাম্মদ মুজীবুর |
||
| 245 | 1 | 0 | _aমুহাদ্দিস প্রসংগ / |
| 246 | _aMuhaddis Prosonga | ||
| 260 |
_aরাজশাহী: _bমুহাম্মদ ওবায়দুর রহমান ও মুহাম্মদ আতীকুর রহমান, _c১৯৭৫। |
||
| 300 |
_a১২২ পৃষ্ঠা: _c২২ সে. মি.। |
||
| 504 | _aনিঘন্ট সংযুক্ত । | ||
| 650 | 0 |
_abiographical dictionary - চরিতাভিধান _94665 |
|
| 942 |
_2ddc _cBK |
||